Statistiken für Größte Städte Brandenburgs - Extrem

Klicken Sie hier um das Quiz zu spielen!

Allgemein

  • Dieses Quiz wurde 13 mal gespielt
  • Das Durchschnittsergebnis liegt bei 18 aus 28

Antwortstatistiken

EinwohnerStadt% Korrekt
99.515Cottbus
100%
185.750Potsdam
100%
73.609Brandenburg
92%
41.461Eberswalde⁠
92%
58.230Frankfurt (Oder)
92%
43.685Bernau
83%
44.806Falkensee
83%
47.752Oranienburg
83%
27.039Werder
83%
32.646Fürstenwalde
75%
38.929Königs Wusterhausen
75%
24.597Rathenow
75%
24.125Eisenhüttenstadt
67%
31.422Neuruppin
67%
23.405Senftenberg
67%
27.344Strausberg
67%
27.697Teltow
58%
29.159Blankenfelde-Mahlow⁠
50%
20.839Luckenwalde
50%
33.524Schwedt
50%
21.585Spremberg
50%
27.139Hohen Neuendorf
42%
28.424Ludwigsfelde
42%
24.104Wandlitz⁠
42%
26.728Hennigsdorf
33%
21.433Zossen
33%
20.341Kleinmachnow⁠
25%
20.854Panketal
25%

Verteilung der Resultate

Perzentil nach korrekt beantworteten Fragen

Anzahl Personen mit jedem Resultat

Ihre Resultats-Entwicklung

Sie haben dieses Quiz noch nicht gespielt